Statistics for Top 10 US States Highest Percentage on Food Stamps

Click here to take the quiz!

General Stats

  • This quiz has been taken 66 times
  • The average score is 8 of 10

Answer Stats

rank state % Correct
8Alabama
93%
1Mississippi
89%
10South Carolina
89%
7Kentucky
85%
9Florida
84%
3Tennessee
78%
5Louisiana
78%
4New Mexico
69%
6West Virginia
69%
2Oregon
22%

Score Distribution

Percentile by Number Answered

Percent of People with Each Score

Your Score History

You have not taken this quiz